Las fronteras del conocimiento : perspectivas y aplicaciones en la era digital /

Detalles Bibliográficos
Otros Autores: Bermúdez Vázquez, Manuel Ignacio (Editor), Chaves Montero, Alfonso (Editor), Otero Santamaría, Julio (Editor)
Formato: Electrónico eBook
Lenguaje:español
Publicado: Madrid : Dykinson, S.L., 2024.
Edición:1a edición.
Colección:Colección Conocimiento contemporáneo ; 184.
Materias:
Acceso en línea:Digitalia Hispánica

MARC

LEADER 00000nam a2200000 i 4500
001 DIGDYK3647
003 NyNyDIG
007 cr |||||||||||
008 250201s2024 sp ad ob 000 0 spa d
006 m o d
035 |a (OCoLC)1452782385 
040 |a DGITA  |b eng  |e rda  |e pn  |c DGITA 
020 |a 9788411709347  |q eBook 
050 1 4 |a HM851 ebook 
245 0 4 |a Las fronteras del conocimiento :  |b perspectivas y aplicaciones en la era digital /  |c coords., Manuel Bermúdez Vázquez, Alfonso Chaves Montero, Julio Otero Santamaría. 
250 |a 1a edición. 
264 1 |a Madrid :  |b Dykinson, S.L.,  |c 2024. 
300 |a 1 online resource :  |b illustrations, charts. 
336 |a text  |b txt  |2 rdacontent 
337 |a computer  |b c  |2 rdamedia 
338 |a online resource  |b cr  |2 rdacarrier 
347 |a text file  |2 rdaft 
347 |b PDF 
490 1 |a Colección Conocimiento contemporáneo ;  |v no. 184 
504 |a Includes bibliographical references. 
588 0 |a Online resource; title from PDF title page (Digitalia, viewed February 1, 2025) 
650 0 |a Information society. 
700 1 |a Bermúdez Vázquez, Manuel Ignacio,  |e editor. 
700 1 |a Chaves Montero, Alfonso,  |e editor. 
700 1 |a Otero Santamaría, Julio,  |e editor. 
791 2 |a Digitalia (Firm),  |e distributor. 
793 0 |g Digitalia eBook Collection:  |a Dykinson Editorial 
830 0 |a Colección Conocimiento contemporáneo ;  |v 184. 
856 4 0 |3 Digitalia Hispánica  |u https://www.digitaliapublishing.com/a/158889/ 
910 |a Premium collection: 2025